| 000 | 01038cam a2200337 4500 | ||
|---|---|---|---|
| 999 |
_c9015 _d9015 |
||
| 001 | 9015 | ||
| 003 | BD - JhCC | ||
| 005 | 20190311094117.0 | ||
| 008 | 720915s1973 nju b 000 0 eng | ||
| 020 |
_a0133622517 _a0133622444 (pbk) |
||
| 035 | _a(BD - JhCC)9015 | ||
| 035 | _a(OCoLC)00446058 | ||
| 035 | _aGLIS00005848 | ||
| 040 |
_aBD-JhCC _dBD-JhCC |
||
| 041 | _aeng | ||
| 082 |
_bHYN 1973 _a813.4 |
||
| 090 |
_aPR6013.R3276 _bZ6 .H9 |
||
| 099 | _aPR6013.R3276.Z6 .H9 | ||
| 100 | 1 |
_aHynes, Samuel, _d1924- |
|
| 245 | 1 | 0 |
_aGraham Greene: a collection of critical essays / _cEdited by Samuel Hynes. |
| 260 |
_aEnglewood Cliffs, N.J., _bPrentice-Hall _c[1973] |
||
| 300 |
_avi, 183 p. _c21 cm. |
||
| 490 | 1 | _aTwentieth century views | |
| 490 | 1 | _aSpectrum book | |
| 504 | _aBibliography: p. 181-183. | ||
| 600 | 1 | 0 |
_aGreene, Graham, _d1904-1991 _xCriticism and interpretation. |
| 830 | 0 | _aTwentieth century views. | |
| 830 | 0 | _aSpectrum book. | |
| 942 |
_2ddc _cBK |
||